[Event "Greek Team Championship"]
[Site "chess24.com"]
[Date "2017.07.06"]
[Round "5"]
[White "Halkias, Alexandros"]
[Black "Wieczorek, Oskar"]
[Result "1/2-1/2"]
[Board "1"]
[WhiteElo "2094"]
[WhiteCountry "GRE"]
[WhiteFideId "4203976"]
[WhiteEloChange "8"]
[BlackElo "2462"]
[BlackTitle "IM"]
[BlackCountry "POL"]
[BlackFideId "1133950"]
[BlackEloChange "-4"]

1. d4 {[%clk 1:30:09]} Nf6 {[%clk 1:30:55]} 2. Nf3 {[%clk 1:30:14]} c5 {[%clk
1:31:20]} 3. c3 {[%clk 1:29:47]} b6 {[%clk 1:30:25]} 4. Bf4 {[%clk 1:28:46]} g6
{[%clk 1:30:02]} 5. e3 {[%clk 1:28:48]} Bg7 {[%clk 1:30:31]} 6. h3 {[%clk
1:28:41]} O-O {[%clk 1:30:43]} 7. Be2 {[%clk 1:28:48]} Bb7 {[%clk 1:30:54]} 8.
O-O {[%clk 1:29:03]} d6 {[%clk 1:30:21]} 9. Nbd2 {[%clk 1:28:34]} Nbd7 {[%clk
1:29:35]} 10. a4 {[%clk 1:26:27]} a6 {[%clk 1:29:49]} 11. Bh2 {[%clk 1:20:33]}
Rc8 {[%clk 1:20:12]} 12. Qb3 {[%clk 0:45:00]} Rc7 {[%clk 1:20:12]} 13. Rfd1
{[%clk 0:45:00]} Qa8 {[%clk 1:16:10]} 14. Bf1 {[%clk 0:24:11]} cxd4 {[%clk
1:05:12]} 15. exd4 {[%clk 0:24:06]} Rcc8 {[%clk 0:59:34]} 16. Re1 {[%clk
0:24:14]} Rfe8 {[%clk 0:59:28]} 17. Bc4 {[%clk 0:17:54]} d5 {[%clk 0:48:26]} 18.
Bd3 {[%clk 0:16:30]} Bh6 {[%clk 0:48:30]} 19. Qd1 {[%clk 0:15:38]} Ne4 {[%clk
0:43:58]} 20. Qe2 {[%clk 0:15:10]} Ndf6 {[%clk 0:42:40]} 21. Nf1 {[%clk 0:13:50]}
Nh5 {[%clk 0:40:04]} 22. Ne3 {[%clk 0:11:46]} Nhf6 {[%clk 0:26:21]} 23. Ne5
{[%clk 0:11:52]} Bg7 {[%clk 0:24:42]} 24. N5g4 {[%clk 0:07:47]} Nxg4 {[%clk
0:22:59]} 25. Nxg4 {[%clk 0:07:31]} Nf6 {[%clk 0:22:06]} 26. Ne5 {[%clk 0:07:47]}
Rcd8 {[%clk 0:20:57]} 27. Qf3 {[%clk 0:05:23]} Qc8 {[%clk 0:20:06]} 28. g4 {[%clk
0:05:36]} Rf8 {[%clk 0:19:27]} 29. Re2 {[%clk 0:04:57]} Ne4 {[%clk 0:17:47]} 30.
Qe3 {[%clk 0:03:16]} Nd6 {[%clk 0:13:46]} 31. Nf3 {[%clk 0:03:02]} Rfe8 {[%clk
0:13:19]} 32. Rae1 {[%clk 0:02:43]} Bc6 {[%clk 0:12:06]} 33. Qf4 {[%clk 0:02:18]}
Qb7 {[%clk 0:08:06]} 34. Bc2 {[%clk 0:02:22]} b5 {[%clk 0:07:25]} 35. Ne5 {[%clk
0:02:02]} Bf8 {[%clk 0:06:56]} 36. Nxc6 {[%clk 0:01:56]} Qxc6 {[%clk 0:07:19]}
37. axb5 {[%clk 0:02:11]} axb5 {[%clk 0:07:28]} 38. Qf3 {[%clk 0:01:39]} Nc4
{[%clk 0:05:22]} 39. Bd3 {[%clk 0:01:44]} e6 {[%clk 0:02:07]} 40. b3 {[%clk
0:30:53]} Na5 {[%clk 0:30:58]} 41. b4 {[%clk 0:21:32]} Nb7 {[%clk 0:30:20]} 42.
Rc2 {[%clk 0:17:48]} Nd6 {[%clk 0:26:40]} 43. Qe2 {[%clk 0:07:45]} Nc4 {[%clk
0:26:44]} 44. Bxc4 {[%clk 0:07:45]} dxc4 {[%clk 0:26:50]} 45. Ra2 {[%clk
0:07:59]} Ra8 {[%clk 0:25:29]} 46. Rea1 {[%clk 0:08:16]} Rxa2 {[%clk 0:24:22]}
47. Rxa2 {[%clk 0:08:34]} Ra8 {[%clk 0:24:19]} 48. Rxa8 {[%clk 0:07:19]} Qxa8
{[%clk 0:19:01]} 49. Qe3 {[%clk 0:06:48]} Qd5 {[%clk 0:15:58]} 50. Bf4 {[%clk
0:06:48]} f6 {[%clk 0:15:58]} 51. f3 {[%clk 0:06:21]} Kf7 {[%clk 0:11:08]} 52.
Kf2 {[%clk 0:06:10]} g5 {[%clk 0:07:07]} 53. Bg3 {[%clk 0:06:18]} h6 {[%clk
0:04:54]} 1/2-1/2

[Event "Greek Team Championship"]
[Site "chess24.com"]
[Date "2017.07.06"]
[Round "5"]
[White "Kalogeris, Ioannis"]
[Black "Xilogiannis, Dimitrios"]
[Result "1-0"]
[Board "2"]
[WhiteElo "2295"]
[WhiteCountry "GRE"]
[WhiteFideId "4239563"]
[WhiteEloChange "2"]
[BlackElo "1909"]
[BlackCountry "GRE"]
[BlackFideId "4239016"]
[BlackEloChange "-2"]

1. d4 {[%clk 1:30:18]} Nf6 {[%clk 1:30:46]} 2. c4 {[%clk 1:30:42]} e6 {[%clk
1:31:07]} 3. g3 {[%clk 1:31:07]} Bb4+ {[%clk 1:31:12]} 4. Bd2 {[%clk 1:31:24]}
Qe7 {[%clk 1:31:24]} 5. Bg2 {[%clk 1:31:48]} Nc6 {[%clk 1:30:38]} 6. Nf3 {[%clk
1:30:56]} Bxd2+ {[%clk 1:30:31]} 7. Nbxd2 {[%clk 1:30:14]} O-O {[%clk 1:29:22]}
8. O-O {[%clk 1:30:03]} d6 {[%clk 1:29:42]} 9. e4 {[%clk 1:27:16]} e5 {[%clk
1:30:00]} 10. d5 {[%clk 1:27:39]} Nb8 {[%clk 1:30:20]} 11. Nh4 {[%clk 1:27:24]}
a5 {[%clk 1:26:09]} 12. Nf5 {[%clk 1:25:11]} Bxf5 {[%clk 1:24:56]} 13. exf5
{[%clk 1:25:36]} c6 {[%clk 1:19:55]} 14. Re1 {[%clk 1:25:38]} cxd5 {[%clk
1:18:57]} 15. cxd5 {[%clk 1:25:58]} b5 {[%clk 1:12:50]} 16. Rc1 {[%clk 1:23:23]}
Na6 {[%clk 1:03:03]} 17. Nb3 {[%clk 1:22:16]} Qd8 {[%clk 0:56:08]} 18. Qd2 {[%clk
1:21:57]} b4 {[%clk 0:50:54]} 19. Rc6 {[%clk 1:17:07]} a4 {[%clk 0:35:13]} 20.
Nc1 {[%clk 1:16:01]} Qd7 {[%clk 0:33:46]} 21. Nd3 {[%clk 1:03:07]} Rfb8 {[%clk
0:30:24]} 22. f4 {[%clk 1:00:29]} e4 {[%clk 0:22:50]} 23. Bxe4 {[%clk 0:58:45]}
Nxe4 {[%clk 0:22:54]} 24. Rxe4 {[%clk 0:59:06]} Qxf5 {[%clk 0:22:22]} 25. Qe2
{[%clk 0:58:54]} h5 {[%clk 0:17:12]} 26. Rxd6 {[%clk 0:57:47]} Rd8 {[%clk
0:14:14]} 27. Re5 {[%clk 0:56:09]} Qg4 {[%clk 0:14:09]} 28. Rxd8+ {[%clk
0:49:18]} Rxd8 {[%clk 0:14:37]} 29. Re8+ {[%clk 0:49:39]} Rxe8 {[%clk 0:13:58]}
30. Qxe8+ {[%clk 0:50:02]} Kh7 {[%clk 0:14:22]} 31. Nf2 {[%clk 0:47:46]} Qf5
{[%clk 0:13:40]} 32. Qxa4 {[%clk 0:47:30]} Nc5 {[%clk 0:12:47]} 33. Qxb4 {[%clk
0:47:38]} Qxd5 {[%clk 0:13:05]} 34. a4 {[%clk 0:47:36]} Nd3 {[%clk 0:12:36]} 35.
Qe4+ {[%clk 0:47:52]} Qxe4 {[%clk 0:12:57]} 36. Nxe4 {[%clk 0:48:17]} Nxb2 {[%clk
0:13:16]} 37. a5 {[%clk 0:48:34]} Nc4 {[%clk 0:13:18]} 38. a6 {[%clk 0:48:58]}
Nb6 {[%clk 0:13:23]} 39. Kf2 {[%clk 0:49:11]} Kg6 {[%clk 0:13:31]} 40. Nd6 {[%clk
1:19:24]} Na8 {[%clk 0:42:40]} 41. Ke3 {[%clk 1:19:15]} Kf6 {[%clk 0:39:59]} 42.
Ne8+ {[%clk 1:19:26]} Kg6 {[%clk 0:40:11]} 43. Kd4 {[%clk 1:19:41]} f6 {[%clk
0:39:49]} 44. Nd6 {[%clk 1:19:53]} Nc7 {[%clk 0:39:46]} 45. a7 {[%clk 1:20:16]}
h4 {[%clk 0:39:52]} 46. Kc5 {[%clk 1:20:34]} 1-0

[Event "Greek Team Championship"]
[Site "chess24.com"]
[Date "2017.07.06"]
[Round "5"]
[White "Kivelos, Sotirios"]
[Black "Bunis, Vassilis"]
[Result "1/2-1/2"]
[Board "3"]
[WhiteElo "1903"]
[WhiteCountry "GRE"]
[WhiteFideId "4208374"]
[WhiteEloChange "7"]
[BlackElo "2237"]
[BlackTitle "FM"]
[BlackCountry "GRE"]
[BlackFideId "4203127"]
[BlackEloChange "-7"]

1. d4 {[%clk 1:30:55]} Nf6 {[%clk 1:30:51]} 2. Nf3 {[%clk 1:31:09]} g6 {[%clk
1:30:38]} 3. g3 {[%clk 1:30:52]} Bg7 {[%clk 1:30:58]} 4. Bg2 {[%clk 1:31:16]} O-O
{[%clk 1:31:10]} 5. O-O {[%clk 1:31:43]} d5 {[%clk 1:30:35]} 6. c4 {[%clk
1:30:52]} c6 {[%clk 1:29:39]} 7. b3 {[%clk 1:27:52]} Ne4 {[%clk 1:27:44]} 8. Bb2
{[%clk 1:27:02]} Be6 {[%clk 1:24:08]} 9. cxd5 {[%clk 1:20:38]} cxd5 {[%clk
1:23:06]} 10. Nc3 {[%clk 1:18:34]} Nxc3 {[%clk 1:23:06]} 11. Bxc3 {[%clk
1:18:34]} Nc6 {[%clk 1:08:39]} 12. Qd2 {[%clk 1:14:01]} f6 {[%clk 1:05:03]} 13.
Rfd1 {[%clk 1:10:42]} Bf7 {[%clk 1:05:19]} 14. Qb2 {[%clk 1:10:35]} a5 {[%clk
1:01:30]} 15. a3 {[%clk 1:10:43]} b5 {[%clk 1:01:23]} 16. b4 {[%clk 1:10:30]} a4
{[%clk 1:00:16]} 17. Rac1 {[%clk 1:07:55]} Nb8 {[%clk 0:59:41]} 18. e3 {[%clk
1:07:18]} Nd7 {[%clk 0:58:54]} 19. Bf1 {[%clk 0:58:56]} Rb8 {[%clk 0:56:58]} 20.
Bd3 {[%clk 0:58:02]} Qb6 {[%clk 0:53:10]} 21. Rc2 {[%clk 0:54:15]} Qd6 {[%clk
0:52:34]} 22. Bf1 {[%clk 0:47:52]} Be8 {[%clk 0:51:55]} 23. Qa2 {[%clk 0:45:12]}
Nb6 {[%clk 0:38:32]} 24. Ne1 {[%clk 0:36:38]} Nc4 {[%clk 0:36:02]} 25. Nd3 {[%clk
0:36:19]} Bd7 {[%clk 0:36:13]} 26. Nc5 {[%clk 0:35:00]} Bg4 {[%clk 0:35:53]} 27.
Re1 {[%clk 0:35:11]} Bd7 {[%clk 0:27:28]} 28. e4 {[%clk 0:30:07]} e6 {[%clk
0:27:28]} 29. Bh3 {[%clk 0:22:45]} f5 {[%clk 0:25:20]} 30. e5 {[%clk 0:17:09]}
Qe7 {[%clk 0:25:39]} 31. f4 {[%clk 0:15:04]} Rbe8 {[%clk 0:25:27]} 32. Bf1 {[%clk
0:14:50]} Bc6 {[%clk 0:25:26]} 33. Bd2 {[%clk 0:14:44]} Kf7 {[%clk 0:25:32]} 34.
Bc1 {[%clk 0:14:14]} h6 {[%clk 0:25:41]} 35. Rg2 {[%clk 0:14:09]} h5 {[%clk
0:23:09]} 36. h4 {[%clk 0:13:59]} Ra8 {[%clk 0:22:43]} 37. Qa1 {[%clk 0:12:51]}
Rfb8 {[%clk 0:21:48]} 38. Qc3 {[%clk 0:13:13]} Qe8 {[%clk 0:21:50]} 39. Qa1
{[%clk 0:12:22]} Qd8 {[%clk 0:21:59]} 40. Rd1 {[%clk 0:11:55]} Bf8 {[%clk
0:17:58]} 41. Nd3 {[%clk 0:41:43]} Be7 {[%clk 0:48:13]} 42. Rh2 {[%clk 0:40:03]}
1/2-1/2

[Event "Greek Team Championship"]
[Site "chess24.com"]
[Date "2017.07.06"]
[Round "5"]
[White "Kouvatsos, Filippos"]
[Black "Palaskos, Ahileas"]
[Result "1-0"]
[Board "4"]
[WhiteElo "2186"]
[WhiteCountry "GRE"]
[WhiteFideId "4205561"]
[WhiteEloChange "2"]
[BlackElo "1803"]
[BlackCountry "GRE"]
[BlackFideId "4218604"]
[BlackEloChange "-2"]

1. d4 {[%clk 1:30:49]} Nf6 {[%clk 1:30:52]} 2. c4 {[%clk 1:31:14]} e6 {[%clk
1:31:19]} 3. g3 {[%clk 1:31:42]} Bb4+ {[%clk 1:31:25]} 4. Bd2 {[%clk 1:32:03]}
Qe7 {[%clk 1:31:34]} 5. Bg2 {[%clk 1:32:20]} Nc6 {[%clk 1:31:35]} 6. Nf3 {[%clk
1:32:25]} Bxd2+ {[%clk 1:31:43]} 7. Nbxd2 {[%clk 1:32:39]} O-O {[%clk 1:31:33]}
8. O-O {[%clk 1:32:20]} d6 {[%clk 1:31:45]} 9. e4 {[%clk 1:31:28]} e5 {[%clk
1:31:56]} 10. d5 {[%clk 1:31:15]} Nb8 {[%clk 1:32:09]} 11. b4 {[%clk 1:29:22]} a5
{[%clk 1:32:03]} 12. a3 {[%clk 1:29:30]} Na6 {[%clk 1:32:07]} 13. Qb3 {[%clk
1:26:05]} Bd7 {[%clk 1:29:34]} 14. Ne1 {[%clk 1:22:03]} c6 {[%clk 1:27:42]} 15.
Nd3 {[%clk 1:20:09]} cxd5 {[%clk 1:26:31]} 16. cxd5 {[%clk 1:18:42]} a4 {[%clk
1:25:01]} 17. Qa2 {[%clk 1:16:03]} Nc7 {[%clk 1:05:40]} 18. Nc4 {[%clk 1:03:45]}
Bb5 {[%clk 0:42:18]} 19. Rfc1 {[%clk 0:59:38]} Ra6 {[%clk 0:31:51]} 20. Rc3
{[%clk 0:58:00]} Qd7 {[%clk 0:25:25]} 21. Rac1 {[%clk 0:37:57]} Bxc4 {[%clk
0:21:24]} 22. Rxc4 {[%clk 0:38:14]} Nb5 {[%clk 0:21:35]} 23. Qb2 {[%clk 0:36:40]}
Ne8 {[%clk 0:15:03]} 24. Kh1 {[%clk 0:35:12]} Nd4 {[%clk 0:13:59]} 25. f4 {[%clk
0:34:40]} f6 {[%clk 0:13:06]} 26. Nf2 {[%clk 0:34:06]} b5 {[%clk 0:10:08]} 27.
Bh3 {[%clk 0:31:44]} Qe7 {[%clk 0:08:51]} 28. Rxd4 {[%clk 0:26:20]} exd4 {[%clk
0:09:20]} 29. Qxd4 {[%clk 0:26:41]} Ra7 {[%clk 0:06:19]} 30. Bf1 {[%clk 0:22:08]}
Rc7 {[%clk 0:05:18]} 31. Re1 {[%clk 0:20:26]} Qd7 {[%clk 0:04:21]} 32. Nd1 {[%clk
0:19:38]} Rc1 {[%clk 0:02:34]} 33. Qd2 {[%clk 0:19:55]} Rc8 {[%clk 0:01:40]} 34.
Qd3 {[%clk 0:16:54]} Nc7 {[%clk 0:01:09]} 35. Nf2 {[%clk 0:17:20]} Rce8 {[%clk
0:00:53]} 36. Bh3 {[%clk 0:17:17]} Qf7 {[%clk 0:00:52]} 37. Rc1 {[%clk 0:17:32]}
Kh8 {[%clk 0:00:48]} 38. Qc3 {[%clk 0:17:26]} Na8 {[%clk 0:00:37]} 39. Qc6 {[%clk
0:17:29]} Qa7 {[%clk 0:00:37]} 40. Kg2 {[%clk 0:34:46]} Qb6 {[%clk 0:30:50]} 41.
Bd7 {[%clk 0:31:24]} Rb8 {[%clk 0:23:32]} 42. Qc3 {[%clk 0:31:14]} Qd8 {[%clk
0:20:25]} 43. Bc6 {[%clk 0:30:57]} Nb6 {[%clk 0:19:18]} 44. Qd3 {[%clk 0:28:45]}
Nc4 {[%clk 0:18:27]} 45. Bxb5 {[%clk 0:28:48]} Rxb5 {[%clk 0:18:23]} 46. Rxc4
{[%clk 0:28:03]} Qd7 {[%clk 0:12:12]} 47. Rc6 {[%clk 0:26:30]} Rfb8 {[%clk
0:05:46]} 48. Qc2 {[%clk 0:25:18]} f5 {[%clk 0:05:32]} 49. Qc3 {[%clk 0:21:48]}
R5b7 {[%clk 0:02:44]} 50. Qd4 {[%clk 0:21:54]} Rc7 {[%clk 0:01:06]} 51. Rxc7
{[%clk 0:20:43]} Qxc7 {[%clk 0:01:34]} 52. exf5 {[%clk 0:21:08]} Qf7 {[%clk
0:00:49]} 53. Ne4 {[%clk 0:19:52]} Qxf5 {[%clk 0:00:59]} 54. Nxd6 {[%clk
0:19:20]} Qd7 {[%clk 0:00:37]} 55. Nc4 {[%clk 0:18:59]} Rd8 {[%clk 0:00:36]} 56.
d6 {[%clk 0:19:11]} Qe6 {[%clk 0:00:39]} 57. Ne5 {[%clk 0:18:57]} h6 {[%clk
0:00:34]} 58. d7 {[%clk 0:18:53]} Kg8 {[%clk 0:00:36]} 59. b5 {[%clk 0:17:46]}
Qa2+ {[%clk 0:00:39]} 60. Kh3 {[%clk 0:16:38]} Qe6+ {[%clk 0:00:44]} 61. g4
{[%clk 0:15:17]} Qb3+ {[%clk 0:00:50]} 62. Kh4 {[%clk 0:15:31]} Qxb5 {[%clk
0:01:15]} 63. Qd6 {[%clk 0:14:21]} Qe2 {[%clk 0:00:32]} 64. Qe6+ {[%clk 0:14:35]}
Kh7 {[%clk 0:00:43]} 65. Qf5+ {[%clk 0:13:59]} Kg8 {[%clk 0:01:00]} 66. Kh5
{[%clk 0:13:37]} Qxh2+ {[%clk 0:00:37]} 67. Kg6 {[%clk 0:14:03]} Qa2 {[%clk
0:00:52]} 68. Nc6 {[%clk 0:13:25]} Rxd7 {[%clk 0:00:36]} 69. Qxd7 {[%clk
0:13:39]} Qc2+ {[%clk 0:00:59]} 70. f5 {[%clk 0:13:55]} 1-0

[Event "Greek Team Championship"]
[Site "chess24.com"]
[Date "2017.07.06"]
[Round "5"]
[White "Vafiadou, Asimenia"]
[Black "Pavlidou, Ekaterini"]
[Result "0-1"]
[Board "5"]
[WhiteElo "1692"]
[WhiteCountry "GRE"]
[WhiteFideId "4218914"]
[WhiteEloChange "-2"]
[BlackElo "2184"]
[BlackTitle "WIM"]
[BlackCountry "GRE"]
[BlackFideId "4213262"]
[BlackEloChange "2"]

1. d4 {[%clk 1:30:57]} Nf6 {[%clk 1:30:41]} 2. Nf3 {[%clk 1:31:21]} b6 {[%clk
1:30:26]} 3. Bg5 {[%clk 1:31:44]} Ne4 {[%clk 1:29:35]} 4. Bf4 {[%clk 1:31:56]}
Bb7 {[%clk 1:27:35]} 5. Nbd2 {[%clk 1:31:45]} Nxd2 {[%clk 1:27:19]} 6. Nxd2
{[%clk 1:29:53]} d5 {[%clk 1:26:58]} 7. e3 {[%clk 1:29:18]} e6 {[%clk 1:24:50]}
8. Nf3 {[%clk 1:25:59]} Nd7 {[%clk 1:20:53]} 9. Bd3 {[%clk 1:22:42]} Be7 {[%clk
1:17:40]} 10. O-O {[%clk 1:22:18]} O-O {[%clk 1:12:22]} 11. Ne5 {[%clk 1:20:09]}
Nxe5 {[%clk 1:09:52]} 12. Bxe5 {[%clk 1:20:22]} g6 {[%clk 1:08:26]} 13. Qf3
{[%clk 1:15:37]} f6 {[%clk 1:05:02]} 14. Bg3 {[%clk 1:12:08]} e5 {[%clk 1:02:52]}
15. Qd1 {[%clk 1:07:56]} e4 {[%clk 1:02:03]} 16. Be2 {[%clk 1:08:15]} c5 {[%clk
1:00:10]} 17. c3 {[%clk 1:06:00]} Qd7 {[%clk 0:53:13]} 18. b3 {[%clk 0:59:58]}
Rac8 {[%clk 0:50:33]} 19. Rc1 {[%clk 0:58:41]} Rfd8 {[%clk 0:49:35]} 20. Qd2
{[%clk 0:57:26]} Kg7 {[%clk 0:48:04]} 21. Rfd1 {[%clk 0:50:03]} c4 {[%clk
0:46:14]} 22. b4 {[%clk 0:47:03]} Rf8 {[%clk 0:43:47]} 23. Rf1 {[%clk 0:43:18]}
Bd6 {[%clk 0:43:07]} 24. Bxd6 {[%clk 0:38:12]} Qxd6 {[%clk 0:43:27]} 25. f4
{[%clk 0:27:27]} exf3 {[%clk 0:43:32]} 26. Bxf3 {[%clk 0:27:50]} Rce8 {[%clk
0:43:48]} 27. Rce1 {[%clk 0:27:37]} Re7 {[%clk 0:43:42]} 28. Re2 {[%clk 0:27:14]}
Rfe8 {[%clk 0:42:57]} 29. Rfe1 {[%clk 0:27:37]} f5 {[%clk 0:39:59]} 30. g3 {[%clk
0:25:58]} Bc8 {[%clk 0:39:50]} 31. Kf2 {[%clk 0:21:48]} Be6 {[%clk 0:39:29]} 32.
Qc2 {[%clk 0:20:51]} Bf7 {[%clk 0:38:32]} 33. Rg1 {[%clk 0:18:10]} Qf6 {[%clk
0:38:10]} 34. Qd2 {[%clk 0:10:22]} h6 {[%clk 0:37:18]} 35. h3 {[%clk 0:02:11]}
Kh7 {[%clk 0:34:36]} 36. Qd1 {[%clk 0:01:37]} g5 {[%clk 0:33:54]} 37. Ree1 {[%clk
0:01:04]} Rf8 {[%clk 0:29:57]} 38. Bg2 {[%clk 0:00:41]} Qd6 {[%clk 0:26:35]} 39.
Qf3 {[%clk 0:00:40]} Be6 {[%clk 0:22:21]} 40. Rgf1 {[%clk 0:30:47]} Ref7 {[%clk
0:47:39]} 41. Kg1 {[%clk 0:29:31]} Kg6 {[%clk 0:47:08]} 42. Rf2 {[%clk 0:27:35]}
Rf6 {[%clk 0:42:09]} 43. Bf1 {[%clk 0:25:53]} Kg7 {[%clk 0:41:39]} 44. Be2 {[%clk
0:21:09]} Bg8 {[%clk 0:41:34]} 45. Bd1 {[%clk 0:20:43]} Bh7 {[%clk 0:37:30]} 46.
Bc2 {[%clk 0:20:48]} Bg6 {[%clk 0:36:57]} 47. Kg2 {[%clk 0:18:11]} Qe6 {[%clk
0:36:45]} 48. Ref1 {[%clk 0:17:50]} Qf7 {[%clk 0:35:19]} 49. Qe2 {[%clk 0:17:15]}
Bh5 {[%clk 0:32:48]} 50. Qd2 {[%clk 0:17:02]} Qe6 {[%clk 0:32:48]} 51. Bd1 {[%clk
0:13:21]} Qe4+ {[%clk 0:32:12]} 52. Kh2 {[%clk 0:13:01]} Bxd1 {[%clk 0:32:33]}
53. Rxd1 {[%clk 0:13:28]} Re8 {[%clk 0:32:16]} 54. Re1 {[%clk 0:11:21]} Rfe6
{[%clk 0:31:26]} 55. Rfe2 {[%clk 0:08:05]} Qd3 {[%clk 0:30:57]} 56. Qc1 {[%clk
0:08:09]} Kf6 {[%clk 0:29:35]} 57. Kg2 {[%clk 0:07:19]} h5 {[%clk 0:28:05]} 58.
Kf2 {[%clk 0:07:07]} f4 {[%clk 0:26:38]} 59. gxf4 {[%clk 0:03:52]} gxf4 {[%clk
0:26:57]} 60. e4 {[%clk 0:03:53]} Qg3+ {[%clk 0:27:02]} 61. Kf1 {[%clk 0:03:53]}
Rxe4 {[%clk 0:27:02]} 62. Rxe4 {[%clk 0:03:22]} Rxe4 {[%clk 0:27:26]} 63. Rxe4
{[%clk 0:03:43]} dxe4 {[%clk 0:27:50]} 64. Qd1 {[%clk 0:04:02]} Qxh3+ {[%clk
0:27:51]} 65. Kg1 {[%clk 0:04:28]} Qg4+ {[%clk 0:28:07]} 0-1

[Event "Greek Team Championship"]
[Site "chess24.com"]
[Date "2017.07.06"]
[Round "5"]
[White "Kotsoglou, Evi"]
[Black "Nikolaidou, Maria"]
[Result "1-0"]
[Board "6"]
[WhiteElo "1409"]
[WhiteCountry "GRE"]
[WhiteFideId "4260422"]
[WhiteEloChange "6"]
[BlackElo "1259"]
[BlackCountry "GRE"]
[BlackFideId "4240022"]
[BlackEloChange "-6"]

1. e4 {[%clk 1:30:30]} d5 {[%clk 1:30:30]} 2. exd5 {[%clk 1:30:30]} Qxd5 {[%clk
1:30:30]} 3. Nc3 {[%clk 1:30:30]} Qd6 {[%clk 1:30:30]} 4. d4 {[%clk 1:30:30]} c6
{[%clk 1:30:30]} 5. Bc4 {[%clk 1:30:30]} Nf6 {[%clk 1:30:30]} 6. Nf3 {[%clk
1:30:30]} Bg4 {[%clk 1:30:30]} 7. Be3 {[%clk 1:30:30]} e6 {[%clk 1:30:30]} 8. h3
{[%clk 1:30:30]} Bxf3 {[%clk 1:30:30]} 9. Qxf3 {[%clk 1:30:30]} Be7 {[%clk
1:30:30]} 10. O-O-O {[%clk 1:30:30]} b5 {[%clk 1:30:30]} 11. Bxb5 {[%clk
1:30:30]} Nd5 {[%clk 1:30:30]} 12. Nxd5 {[%clk 1:30:30]} exd5 {[%clk 1:30:30]}
13. Bd3 {[%clk 1:30:30]} Nd7 {[%clk 1:30:30]} 14. Rhe1 {[%clk 1:30:30]} O-O
{[%clk 1:30:30]} 15. g4 {[%clk 1:30:30]} h6 {[%clk 1:30:30]} 16. Bf4 {[%clk
1:30:30]} Qf6 {[%clk 1:30:30]} 17. Qg3 {[%clk 1:30:30]} Qh4 {[%clk 1:30:30]} 18.
Bf5 {[%clk 1:30:30]} Nb6 {[%clk 1:30:30]} 19. Qg2 {[%clk 1:30:30]} Bg5 {[%clk
1:30:30]} 20. Qf3 {[%clk 1:30:30]} Bxf4+ {[%clk 1:30:30]} 21. Qxf4 {[%clk
1:30:30]} Qg5 {[%clk 1:30:30]} 22. Qxg5 {[%clk 1:30:30]} hxg5 {[%clk 1:30:30]}
23. Rh1 {[%clk 1:30:30]} Rfe8 {[%clk 1:30:30]} 24. Bd3 {[%clk 1:30:30]} Na4
{[%clk 1:30:30]} 25. Rde1 {[%clk 1:30:30]} Reb8 {[%clk 1:30:30]} 26. b3 {[%clk
1:30:30]} Nb6 {[%clk 1:30:30]} 27. h4 {[%clk 1:30:30]} gxh4 {[%clk 1:30:30]} 28.
Rxh4 {[%clk 1:30:30]} g6 {[%clk 1:30:30]} 29. Reh1 {[%clk 1:30:30]} Nd7 {[%clk
1:30:30]} 30. f4 {[%clk 1:30:30]} Kg7 {[%clk 1:30:30]} 31. Rh7+ {[%clk 1:30:30]}
Kf6 {[%clk 1:30:30]} 32. g5+ {[%clk 1:30:30]} Ke7 {[%clk 1:30:30]} 33. Bxg6
{[%clk 1:30:30]} Rg8 {[%clk 1:30:30]} 34. Bxf7 {[%clk 1:30:30]} Rgf8 {[%clk
1:30:30]} 35. Re1+ {[%clk 1:30:30]} Kd8 {[%clk 1:30:30]} 36. Be6 {[%clk 1:30:30]}
Rxf4 {[%clk 1:30:30]} 37. Rxd7+ {[%clk 1:30:30]} Kc8 {[%clk 1:30:30]} 38. Rf7+
{[%clk 1:30:30]} Kd8 {[%clk 0:01:01]} 39. Rxf4 {[%clk 1:30:30]} 1-0

[Event "Greek Team Championship"]
[Site "chess24.com"]
[Date "2017.07.06"]
[Round "5"]
[White "Pavlidis, Pavlos"]
[Black "Nikolaou, Alexandros"]
[Result "1-0"]
[Board "8"]
[WhiteElo "1928"]
[WhiteCountry "GRE"]
[WhiteFideId "4200616"]
[WhiteEloChange "2"]
[BlackElo "1540"]
[BlackCountry "GRE"]
[BlackFideId "4261674"]
[BlackEloChange "-2"]

1. e4 {[%clk 1:30:30]} c5 {[%clk 1:30:30]} 2. Nf3 {[%clk 1:30:30]} Nc6 {[%clk
1:30:30]} 3. Bb5 {[%clk 1:30:30]} g6 {[%clk 1:30:30]} 4. O-O {[%clk 1:30:30]} Bg7
{[%clk 1:30:30]} 5. Re1 {[%clk 1:30:30]} a6 {[%clk 1:30:30]} 6. Bxc6 {[%clk
1:30:30]} dxc6 {[%clk 1:30:30]} 7. c3 {[%clk 1:30:30]} Nf6 {[%clk 1:30:30]} 8. d4
{[%clk 1:30:30]} cxd4 {[%clk 1:30:30]} 9. cxd4 {[%clk 1:30:30]} Bg4 {[%clk
1:30:30]} 10. Nbd2 {[%clk 1:30:30]} O-O {[%clk 1:30:30]} 11. h3 {[%clk 1:30:30]}
Bxf3 {[%clk 1:30:30]} 12. Nxf3 {[%clk 1:30:30]} Qc7 {[%clk 1:30:30]} 13. Qc2
{[%clk 1:30:30]} Rac8 {[%clk 1:30:30]} 14. Be3 {[%clk 1:30:30]} Rfd8 {[%clk
1:30:30]} 15. Rad1 {[%clk 1:30:30]} Nd7 {[%clk 1:30:30]} 16. Qc1 {[%clk 1:30:30]}
Qa5 {[%clk 1:30:30]} 17. a3 {[%clk 1:30:30]} Nf6 {[%clk 1:30:30]} 18. Bd2 {[%clk
1:30:30]} Qb6 {[%clk 1:30:30]} 19. Bc3 {[%clk 1:30:30]} c5 {[%clk 1:30:30]} 20.
d5 {[%clk 1:30:30]} Qa7 {[%clk 1:30:30]} 21. Qf4 {[%clk 0:32:24]} Nh5 {[%clk
0:11:31]} 22. Qh4 {[%clk 0:31:31]} Bxc3 {[%clk 0:08:38]} 23. bxc3 {[%clk
0:31:55]} b5 {[%clk 0:08:38]} 24. g4 {[%clk 0:31:55]} Ng7 {[%clk 0:08:38]} 25.
Qh6 {[%clk 0:31:55]} f6 {[%clk 0:08:38]} 26. Qf4 {[%clk 0:31:55]} Qb6 {[%clk
0:08:38]} 27. e5 {[%clk 0:31:55]} Rf8 {[%clk 0:08:38]} 28. Qe3 {[%clk 0:31:55]}
Rcd8 {[%clk 0:08:38]} 29. e6 {[%clk 0:31:55]} Qc7 {[%clk 0:08:38]} 30. Qe4 {[%clk
0:31:55]} Ne8 {[%clk 0:08:38]} 31. Kg2 {[%clk 0:31:55]} Kh8 {[%clk 0:08:38]} 32.
g5 {[%clk 0:31:55]} Nd6 {[%clk 0:08:38]} 33. Qg4 {[%clk 0:31:55]} Nf5 {[%clk
0:08:38]} 34. gxf6 {[%clk 0:31:55]} exf6 {[%clk 0:08:38]} 35. Qe4 {[%clk
0:31:55]} Qe7 {[%clk 0:08:38]} 36. Nh4 {[%clk 0:31:55]} Rg8 {[%clk 0:08:38]} 37.
Kh1 {[%clk 0:31:55]} Nd6 {[%clk 0:08:38]} 38. Qe3 {[%clk 0:31:55]} Nc4 {[%clk
0:08:38]} 39. Qg3 {[%clk 0:31:55]} Rd6 {[%clk 0:08:38]} 40. Ng2 {[%clk 0:31:55]}
Nxa3 {[%clk 0:08:38]} 41. Ne3 {[%clk 0:31:55]} Rgd8 {[%clk 0:27:38]} 42. Qf4
{[%clk 0:24:37]} a5 {[%clk 0:25:58]} 43. Ng4 {[%clk 0:20:20]} Kg7 {[%clk
0:14:11]} 44. Qh6+ {[%clk 0:15:41]} Kh8 {[%clk 0:13:28]} 45. Re3 {[%clk 0:07:36]}
Rxd5 {[%clk 0:07:57]} 46. Rxd5 {[%clk 0:07:38]} Rxd5 {[%clk 0:08:23]} 47. Nxf6
{[%clk 0:07:28]} Rd8 {[%clk 0:05:39]} 48. Rf3 {[%clk 0:07:28]} Qb7 {[%clk
0:05:39]} 49. Kh2 {[%clk 0:07:28]} Nc4 {[%clk 0:05:39]} 50. Ne8 {[%clk 0:07:28]}
Qb8+ {[%clk 0:05:39]} 51. Kg1 {[%clk 0:07:28]} Rxe8 {[%clk 0:05:39]} 52. Rf7
{[%clk 0:07:28]} 1-0